000 00544nam a2200169 a 4500
001 000036113
005 20200930074904.0
008 111213s2011 dr 000 0 spa d
020 _a9789945455687
040 _aDO-SdBNP
_bspa
_cBNPHU
245 0 0 _aLección errante :
_bMayra Santos Febres y el Caribe contemporaneo /
_cNadia V. Celis & Juan Pablo Rivera, editores.
260 _aSanto Domingo :
_bIsla Negra,
_c2011.
300 _a282 p. ;
_c23 cm.
700 1 2 _aCelis, Nadia V.
_962147
700 1 2 _aRivera, Juan Pablo
_962148
049 _aBNPD
999 _c35604
_d35604